Palabras más cortas en español - Estadísticas

Estadísticas generales
  • Esta prueba ha sido intentada 79 veces
    70 desde el último reinicio
  • La puntuación promedio es 31 de 43
Estadísticas de respuestas
Letras Respuesta % Correcto
1 a
100%
1 e
100%
1 o
100%
1 u
100%
2 no
96%
2 tu
96%
1 y
96%
2 el
92%
2 la
92%
2 si
90%
2 de
85%
2 lo
85%
2 mi
85%
2 le
83%
2 su
83%
2 yo
83%
2 se
81%
2 al
79%
2 me
79%
2 te
75%
2 va
75%
2 ni
73%
2 ti
73%
2 en
71%
2 es
71%
2 ha
71%
2 as
69%
2 so
69%
2 ve
69%
2 di
67%
2 da
65%
2 ya
65%
2 fe
63%
2 he
60%
2 vi
60%
2 un
52%
2 ir
48%
2 os
46%
2 pi
42%
2 ñu
38%
2 ex
27%
2
25%
2 id
21%
No se encontraron pruebas coincidentes
Distribución de puntuación
Porcentaje de gente con cada puntuación
Porcentaje por número respondido
Historial de tus puntuaciones
No has intentado esta prueba desde el último reinicio